Народные русские сказки: Из сборника А. Н. Афанасьева

Dades bibliogràfiques
Altres autors: Аникин В. П. (автор предисловия), Маврина Т. А. (иллюстратор)
Idioma:rus
Publicat: Москва, Художественная литература, 1991
Col·lecció:Для семейного чтения
Matèries:
Format: Llibre
KOHA link:https://koha.lib.tpu.ru/cgi-bin/koha/opac-detail.pl?biblionumber=125453

MARC

LEADER 00000nam0a2200000 4500
001 125453
005 20231031131352.0
010 |a 5280023981 
020 |a RU  |b 91-40714 
035 |a (RuTPU)RU\TPU\book\135756 
090 |a 125453 
100 |a 20071116d1991 d y0rusy5003 ca 
101 0 |a rus 
102 |a RU 
105 |a a z 001ay 
200 1 |a Народные русские сказки  |e Из сборника А. Н. Афанасьева  |f авт. предисл. В. П. Аникин ; худож. Т. А. Маврина  
210 |a Москва  |c Художественная литература  |d 1991 
215 |a 269,[1] с.  |c цв. ил.  |d 23 см 
225 1 |a Для семейного чтения 
320 |a Словарь малоупотребительных слов: с. 262-267 
610 1 |a русская литература 
610 1 |a русские сказки 
675 |a 811  |z rus 
702 1 |a Аникин  |b В. П.  |4 080 
702 1 |a Маврина  |b Т. А.  |4 440 
801 0 |a RU  |b RuMRKP  |c 19950417  |g psbo 
801 1 |a RU  |b 63413507  |c 20071116  |g PSBO 
801 2 |a RU  |b 63413507  |c 20071116  |g PSBO 
942 |c BK